プロデューサーレベルを上げることにより入手できる学マスのカード - Statistics

General Stats
  • This quiz has been taken 69 times
    23 since last reset
  • The average score is 33 of 113
Answer Stats
レベル タイプ カード名 % Correct
ロジック ファンシーチャーム
64%
25 センス 国民的アイドル
64%
5 フリー テレビ出演
57%
23 フリー アイドル宣言
57%
29 センス 意地
57%
30 センス 魅惑の視線
57%
33 センス シュプレヒコール
57%
43 センス 魅惑のパフォーマンス
57%
12 センス バズワード
50%
31 センス 存在感
50%
ロジック ハートの合図
43%
11 センス コール&レスポンス
43%
アノマリー 総合芸術
43%
17 センス 演出計画
43%
ロジック ワクワクが止まらない
43%
20 センス 静かな意思
43%
ロジック 本番前夜
43%
アノマリー プライド
43%
22 センス スタートダッシュ
43%
24 センス スタンドプレー
43%
ロジック 私がスター
43%
ロジック 星屑センセーション
43%
40 フリー 仕切り直し
43%
49 センス スポットライト
43%
50 センス 至高のエンタメ
43%
57 ロジック きらきら紙吹雪
43%
3 フリー 前途洋々
36%
4 センス 楽観的
36%
6 センス 飛躍
36%
ロジック 開花
36%
ロジック 元気な挨拶
36%
ロジック キラメキ
36%
アノマリー アイドルになります
36%
ロジック イメトレ
36%
35 フリー アイドル魂
36%
アノマリー 輝け!
36%
44 ロジック 届いて!
36%
ロジック 輝くキミへ
36%
51 センス 立ち位置チェック
36%
52 ロジック オトメゴコロ
36%
56 センス エキサイト
36%
2 センス ファンサ
29%
ロジック 思い出し笑い
29%
ロジック 幸せな時間
29%
9 センス 勢い任せ
29%
ロジック パステル気分
29%
10 フリー 叶えたい夢
29%
13 センス ハイタッチ
29%
16 フリー ファーストステップ
29%
フリー 気合十分!
29%
18 センス 願いの力
29%
19 センス 深呼吸
29%
ロジック 励まし
29%
ロジック ひなたぼっこ
29%
28 センス 始まりの合図
29%
アノマリー 忍耐力
29%
ロジック やる気は満点
29%
アノマリー 心・技・体
29%
32 ロジック ゆめみごこち
29%
アノマリー 一心不乱
29%
41 センス 成就
29%
42 ロジック トキメキ
29%
クライマックス
29%
45 センス 天真爛漫
29%
53 センス 覚醒
29%
62 ロジック デイドリーミング
29%
64 ロジック 夢色リップ
29%
69 センス 破竹の勢い
29%
70 センス 天賦の才
29%
ロジック リズミカル
21%
アノマリー 一歩
21%
アノマリー 嬉しい誤算
21%
7 センス 祝福
21%
ロジック 200%スマイル
21%
アノマリー 翔び立て!
21%
ロジック 手拍子
21%
14 センス トークタイム
21%
アノマリー 精一杯
21%
アノマリー モチベ
21%
フリー ハイテンション
21%
アノマリー インフルエンサー
21%
アノマリー 切磋琢磨
21%
34 ロジック みんな大好き
21%
アノマリー 始まりの笑顔
21%
39 ロジック 手書きのメッセージ
21%
ロジック 虹色ドリーマー
21%
46 ロジック 幸せのおまじない
21%
54 ロジック あのときの約束
21%
63 アノマリー タフネス
21%
67 センス ペース配分
21%
アノマリー はじけるパッション
14%
アノマリー 汗と成長
14%
アノマリー ラッキー
14%
アノマリー 積み重ね
14%
アノマリー 第一印象
14%
アノマリー 涙の思い出
14%
アノマリー 盛り上げ上手
14%
37 ロジック ノートの端の決意
14%
38 センス 鳴り止まない拍手
14%
アノマリー 頂点へ
14%
アノマリー 全身全霊
14%
アノマリー 覚悟
14%
36 センス 成功への道筋
7%
アノマリー トレンドリーダー
7%
47 センス ひと呼吸
7%
アノマリー セッティング
7%
48 ロジック 止められない想い
7%
アノマリー 理想のテンポ
7%
58 アノマリー トレーニングの成果
7%
59 ロジック キセキの魔法
7%
66 アノマリー 巻き返し
7%
68 アノマリー 達成感
7%
アノマリー オープニングアウト
0%
No matching quizzes found
Score Distribution
Percent of People with Each Score
Percentile by Number Answered
Your Score History
You have not taken this quiz since the last reset